| 000 | 01026nam a2200229Ia 4500 | ||
|---|---|---|---|
| 001 | L235-9837 | ||
| 003 | IT-CnALBA | ||
| 008 | 170116s9999||||xx |||||||||||||| ||und|| | ||
| 040 |
_aIT-CnALBA _cIT-CnALBA |
||
| 041 | _aITALIANO | ||
| 100 | _aGRIGNON DE-MONTFORT LUIGI, SANTO. | ||
| 245 | 0 | _aTRATTATO DELLA DEVOZIONE ALLA SANTA VERGINE E IL SEGRETO DI MARIA. | |
| 250 | _a7a ed. | ||
| 260 |
_aCINISELLO BALSAMO (MI) _bEDIZIONI PAOLINE _c1993 [1° Ed.: n.d.] |
||
| 300 | _a218 p. | ||
| 500 | _aCURATORE DE FLORES S. TRATTATO DELLA VERA DEVOZIONE. IL SEGRETO DI MARIA. SANTITÀ PER MEZZO DI MARIA. MARIA IN NOI. CONSACRAZIONE A GESÙ PER MARIA. | ||
| 501 | _aSocietà San Paolo EM - Piazza San Paolo, 14 - 12051 ALBA (CN) (non commercial uses only) ® Copyright 2017 | ||
| 520 | _aCURATORE DE FLORES S. TRATTATO DELLA VERA DEVOZIONE. IL SEGRETO DI MARIA. SANTITÀ PER MEZZO DI MARIA. MARIA IN NOI. CONSACRAZIONE A GESÙ PER MARIA. | ||
| 650 | _aMARIA SS. ANGELI SANTI DEMONI | ||
| 942 | _cBK | ||
| 957 | _71 | ||
| 999 |
_a10813 _bNO _g Copie: 1 _c269013 _d269013 |
||